Synthesis and Applications of Nanomaterials and Nanocomposites /
Gardado en:
| Autor Principal: | |
|---|---|
| Outros autores: | |
| Formato: | Libro |
| Idioma: | inglés |
| Publicado: |
Singapur :
Springer,
2023, c2023
|
| Series: | (Composites Science and Technology)
|
| Temas: | |
| Acceso en liña: | Ver documento en línea |
| Etiquetas: |
Sen Etiquetas, Sexa o primeiro en etiquetar este rexistro!
|
MARC
| LEADER | 00000nam^a2200000^a^4500 | ||
|---|---|---|---|
| 001 | 000631222 | ||
| 005 | 20260415164950.0 | ||
| 009 | 20260415195743.237 | ||
| 020 | |a 978-981-99-1350-3 | ||
| 037 | |a Acervo ITESO - Biblioteca | ||
| 041 | |a ING | ||
| 082 | |a 620. 5 |b UDD | ||
| 100 | |a Uddin, Imran |e (edición) | ||
| 245 | 1 | 0 | |a Synthesis and Applications of Nanomaterials and Nanocomposites / |c Ed. de I. Uddin, I. Ahmad. |
| 264 | 4 | |a Singapur : |b Springer, |c 2023, c2023 | |
| 264 | 2 | |a Cham, Suiza : |b Springer Link [distribución], |c 2026, c2026 | |
| 300 | |a 1 libro electrónico en línea (XIV, 394 p.) | ||
| 300 | |a 1 recurso en línea | ||
| 336 | |a datos para computadora |b cod |2 rdacontenido | ||
| 337 | |a computadora |b c |2 rdamedio | ||
| 338 | |a recurso en línea |b cr |2 rdasoporte | ||
| 440 | 1 | |a (Composites Science and Technology) | |
| 506 | 0 | |a Licencias ilimitadas | |
| 521 | |a 2025 BO Licenciatura en Ingeniería en Nanotecnología | ||
| 649 | |a XX | ||
| 650 | |a Materiales Nanoestructurados - |x Tema Principal | ||
| 650 | |a Síntesis de Compuestos Orgánicos | ||
| 650 | |a Ingeniería Biomédica | ||
| 650 | |a Nanotecnología | ||
| 700 | |a Ahmad, Irfan |e (edición) | ||
| 856 | 4 | 0 | |u https://link-springer-com.ezproxy.iteso.mx/10.1007/978-981-99-1350-3 |y Ver documento en línea |
| 910 | |a Fondo General | ||
| 920 | |a Electrónicos - Libros en Línea | ||
| 930 | |a Plataforma Digital | ||
| 905 | |a 205 | ||
| 902 | |a https://opac.biblio.iteso.mx/vufind/Record/000631222 | ||